| 000 | 00348nam a2200109Ia 4500 | ||
|---|---|---|---|
| 008 | 201216s9999 xx 000 0 und d | ||
| 100 | _aRushbrook, Frank | ||
| 245 | 0 | _aFire Aboard : The Problems of Prevention and Control in Ships, Port Installations and Offshore Structures | |
| 260 |
_aGloasgow _bBrown, Son & Ferguson |
||
| 300 | _a638 | ||
| 942 | _cBK | ||
| 999 |
_c6858 _d6858 |
||